| 000 | 00685nam a22002177a 4500 | ||
|---|---|---|---|
| 999 |
_c169239 _d169239 |
||
| 003 | dpl | ||
| 005 | 20191109162618.0 | ||
| 008 | 191109b ||||| |||| 00| 0 eng d | ||
| 010 | _aA-937371 | ||
| 020 | _a81-260-0280-8 | ||
| 035 | _aA-937371 | ||
| 040 | _c0 | ||
| 100 |
_aNandy,Moti _d1997 |
||
| 245 |
_aThe White Envelope _cMoti Nandy &Translated by Suchandra Chakraborty _hEnglish |
||
| 250 | _aFirst Edition | ||
| 260 |
_aNew Delhi - 110001 _bSahitya Akademi Rabindra Bhavan,35 Ferozeshah Road _c1997 |
||
| 300 |
_a120p. _c15cms _g15cms |
||
| 500 | _aAcknowledgement & Translator's Note &Glossary | ||
| 700 | _aSuchandra Chakraborty | ||
| 942 |
_2ddc _cEN _hN _iNAN _kN _mNAN |
||